Ekonomická štatistika

Enregistré dans:
Détails bibliographiques
Auteur principal: Kovačka, Milan
Collectivité auteur: Vysoká škola ekonomická v Bratislave. Fakulta riadenia
Format: Livre
Langue:slovaque
Publié: Bratislava Vysoká škola ekonomická 1984
Tags: Ajouter un tag
Pas de tags, Soyez le premier à ajouter un tag!

MARC

LEADER 00000nam a2200000 4500
001 c116721
005 20190107111402.6
041 0 |a slo 
044 |a SK 
245 1 0 |a Ekonomická štatistika  |c Milan Kovačka a kol. 
264 1 |a Bratislava  |b Vysoká škola ekonomická  |c 1984 
300 |a 326 s. 
100 1 |a Kovačka, Milan 
710 2 |a Vysoká škola ekonomická v Bratislave. Fakulta riadenia